Handbook of American trade-unions : (Record no. 36214)
[ view plain ]
| 000 -LEADER | |
|---|---|
| fixed length control field | 01046cam a22002651i 4500 |
| 001 - CONTROL NUMBER | |
| control field | l 37000041 |
| 003 - CONTROL NUMBER IDENTIFIER | |
| control field | DLC |
| 005 - DATE AND TIME OF LATEST TRANSACTION | |
| control field | 20260227111535.0 |
| 008 - FIXED-LENGTH DATA ELEMENTS--GENERAL INFORMATION | |
| fixed length control field | 751205s1936 dcu f000 0 eng |
| 010 ## - LIBRARY OF CONGRESS CONTROL NUMBER | |
| LC control number | l 37000041 |
| 035 ## - SYSTEM CONTROL NUMBER | |
| System control number | (OCoLC)1876743 |
| 040 ## - CATALOGING SOURCE | |
| Original cataloging agency | DLC |
| Transcribing agency | OYU |
| Modifying agency | OCoLC |
| -- | DLC |
| 050 00 - LIBRARY OF CONGRESS CALL NUMBER | |
| Classification number | HD8051 |
| Item number | .A62 no. 618 |
| 082 ## - DEWEY DECIMAL CLASSIFICATION NUMBER | |
| Classification number | (331.06173) |
| -- | 331.880973 |
| 110 1# - MAIN ENTRY--CORPORATE NAME | |
| Corporate name or jurisdiction name as entry element | United States. |
| Subordinate unit | Bureau of Labor Statistics. |
| 245 10 - TITLE STATEMENT | |
| Title | Handbook of American trade-unions : |
| Remainder of title | 1936 edition / |
| Statement of responsibility, etc. | by Estelle M. Stewart. |
| 260 ## - PUBLICATION, DISTRIBUTION, ETC. | |
| Place of publication, distribution, etc. | Washington : |
| Name of publisher, distributor, etc. | U.S. Govt. Print. Off. ; |
| Date of publication, distribution, etc. | 1936. |
| 300 ## - PHYSICAL DESCRIPTION | |
| Extent | xv, 340 p. ; |
| Dimensions | 23 cm. |
| 490 0# - SERIES STATEMENT | |
| Series statement | Bulletin ; |
| Volume/sequential designation | no. 618 |
| 500 ## - GENERAL NOTE | |
| General note | "At head of title: U. S. Department of labor. Frances Perkins, secretary. Bureau of labor statistics. Isador Lubin, commissioner. |
| 500 ## - GENERAL NOTE | |
| General note | Issued also as House doc. 257, 74th Cong., 1st sess. |
| 500 ## - GENERAL NOTE | |
| General note | "List of bulletins of the Bureau of labor statistics": p. 335-340. |
| 650 #0 - SUBJECT ADDED ENTRY--TOPICAL TERM | |
| Topical term or geographic name entry element | Labor unions |
| Geographic subdivision | United States. |
| 700 1# - ADDED ENTRY--PERSONAL NAME | |
| Personal name | Stewart, Estelle M. |
| Fuller form of name | (Estelle May), |
| Dates associated with a name | 1887-1938. |
No items available.